La natalidad, la mortalidad y la mortalidad infantil / (Record no. 111375)

MARC details
000 -LEADER
campo de control de longitud fija 00753nam a2200205 4500
001 - NÚMERO DE CONTROL
campo de control 111375
003 - IDENTIFICADOR DE NÚMERO DE CONTROL
campo de control ES-MaACL
005 - FECHA Y HORA DE LA ÚLTIMA TRANSACCIÓN
campo de control 20230906185306.0
007 - CAMPO FIJO DE DESCRIPCIÓN FÍSICA--INFORMACIÓN GENERAL
campo de control de longitud fija t|
008 - DATOS DE LONGITUD FIJA--INFORMACIÓN GENERAL
campo de control de longitud fija 061121s1939 sp r ||||1| spa d
100 1# - ENTRADA PRINCIPAL--NOMBRE DE PERSONA
Nombre de persona Nájera Angulo, Luis.
9 (RLIN) 84870
245 13 - MENCIÓN DEL TÍTULO
Título La natalidad, la mortalidad y la mortalidad infantil /
Mención de responsabilidad, etc. por el Dr. lLuis Nájera.
260 ## - PUBLICACIÓN, DISTRIBUCIÓN, ETC.
Lugar de publicación, distribución, etc. [Madrid? :
Nombre del editor, distribuidor, etc. s.n.,
Fecha de publicación, distribución, etc. ]1929.
300 ## - DESCRIPCIÓN FÍSICA
Extensión 25 p. ;
Dimensiones 23 cm.
490 1# - MENCIÓN DE SERIE
Mención de serie Publicaciones ` Al servicio de España y del niño español` ;
Designación de volumen o secuencia 20
500 ## - NOTA GENERAL
Nota general Es separata de la Revista ` El Derecho Sanitario Español ` de Valladolid.
830 0# - PUNTO DE ACCESO ADICIONAL DE SERIE-TÍTULO UNIFORME
Título uniforme Publicaciones ` Al servicio de España y del niño español` ;
Designación de volumen o secuencia 20
9 (RLIN) 183437
852 ## - LOCALIZACIÓN
Ubicación ES-MaACL
Número de control de estantería 1860-F-9
Sublocalización o colección R.23006
Holdings
Estatus retirado Estado de pérdida Estado de daño No para préstamo Colección Biblioteca de origen Biblioteca actual Ubicación en estantería Fecha de adquisición Fuente de adquisición Total de préstamos Signatura topográfica completa Código de barras Visto por última vez Precio de reemplazo Tipo de ítem Koha
        Colección de folletos Biblioteca del Ateneo de Madrid Biblioteca del Ateneo de Madrid Depósito folletos 17/01/2008     1860-F-9 1116194 23/02/2023 23/02/2023 Folleto